1. celostátní konference o betonu Mariánské Lázně, 21. - 23. 11. 1979 : diskusní příspěvky

Bibliographic Details
Corporate Author: Celostátní konference o betonu Mariánské Lázně, Česko
Format: Conference Proceeding Book
Language:Czech
Slovak
PhysicalDescription:57 s. 4°
Published: [Praha] [ÚV Společ. stavební ČSVTS] 1979
Subjects:

MARC

LEADER 00000cam a2200000 a 4500
001 vtls010633115
003 SK-MaSNL
005 20260301043846.0
008 250313s1979 xr 100 0 cze
035 |a EF689080-8F03-45E9-BE73-E3B067C94AA3 
035 |a urn:nbn:sk:snk-amkxlk 
035 |a urn:nbn:sk:snk-am0081x5 
040 |a SNK  |b slo  |c SNK  |e AACR2 
041 0 |a cze  |a slo 
044 |a xr  |c CZ 
080 |a 624.012.3/.4(082)  |2 1981 
080 |a 691.32(082)  |2 1981 
111 2 |a Celostátní konference o betonu  |n (1. :  |d 1979 :  |c Mariánské Lázně, Česko)  |9 349357 
245 1 0 |a 1. celostátní konference o betonu  |b Mariánské Lázně, 21. - 23. 11. 1979 : diskusní příspěvky 
246 3 |a První celostátní konference o betonu 
260 |a [Praha]  |b [ÚV Společ. stavební ČSVTS]  |c 1979 
300 |a 57 s.  |c 4° 
546 |a Čiast. text slov. 
650 0 7 |a betón  |2 SNKPH  |9 1685 
655 7 |a zborníky  |2 SNKPH  |9 70165 
852 |a Slovenská národná knižnica 
958 |a OND 
999 |c 594638  |d 596568 
952 |a SNK  |b SNK  |y PREZ  |7 0  |p 17A0998842  |o snkSB 30722  |i snkKIP 9725/80  |0 0  |1 0  |4 0  |d 2014-11-05  |f 1  |l 0  |r 2025-04-04 00:00:00  |w 2026-02-23 
952 |a SNK  |b SNK  |y VYP  |7 0  |o snkSB 30722 D1  |i snkKIP 9726/80  |0 0  |1 0  |4 0  |d 2014-11-05  |l 0  |r 2026-02-23 15:35:29  |w 2026-02-23